It looks like you're offline.
Open Library logo
additional options menu

MARC record from Internet Archive

LEADER: 02025cam 2200613 a 4500
001 ocn302076961
003 OCoLC
005 20201205054341.0
008 090126s2009 enka j 000 1 eng
040 $aUKM$beng$cUKM$dBTCTA$dYDXCP$dOCLCO$dOCLCQ$dOCLCF$dNZMTP$dNZAUC$dUKMGB
015 $aGBA910512$2bnb
016 7 $a014894787$2Uk
019 $a301894705
020 $a9781842708897$q(pbk.)
020 $a1842708899$q(pbk.)
035 $a(OCoLC)302076961$z(OCoLC)301894705
042 $aukblcatcopy
082 04 $a823.914$222
100 1 $aLisle, Rebecca.
245 14 $aThe gnome with the knobbly knees /$cRebecca Lisle ; illustrated by Tim Archbold.
260 $aLondon :$bAndersen,$c2009.
300 $a79 pages :$billustrations ;$c20 cm
336 $atext$btxt$2rdacontent
337 $aunmediated$bn$2rdamedia
338 $avolume$bnc$2rdacarrier
520 $aThe third hilarious adventure featuring Joe, Laurie and Theo, and, of course, their dog Clinky Monkey. Ages 8+.
650 0 $aGnomes$vJuvenile fiction.
650 7 $aGnomes.$2fast$0(OCoLC)fst00943879
655 0 $aChildren's stories.
655 7 $aFiction.$2fast$0(OCoLC)fst01423787
655 7 $aJuvenile works.$2fast$0(OCoLC)fst01411637
655 4 $aChildren's fiction.$5NZ-WeK
700 1 $aArchbold, Tim.
938 $aBaker and Taylor$bBTCP$nBK0008178206
938 $aYBP Library Services$bYANK$n3835311
029 1 $aAU@$b000044188888
029 1 $aCBK$b119351552
029 1 $aNOK$b1842708899
029 1 $aNZ1$b12857037
029 1 $aUKBCI$b119351552
029 1 $aUKBNS$b119351552
029 1 $aUKDEL$b119351552
029 1 $aUKDOR$b119351552
029 1 $aUKPMH$b119351552
029 1 $aUKPMH$b1842708899
029 1 $aUKSCO$b119351552
029 1 $aUKSGC$b119351552
029 1 $aUKSOM$b119351552
029 1 $aUKTLS$b119351552
029 1 $aUNITY$b119351552
029 1 $aNLGGC$b398909261
029 1 $aUKMGB$b014894787
994 $aZ0$bP4A
948 $hNO HOLDINGS IN P4A - 65 OTHER HOLDINGS